000 00702nas a2200217 i 4500
001 1557
003 ES-MaACL
005 20250814013810.0
007 t|
008 950801d18801881sp | | 1 ||pa d
080 _a5/6
245 0 0 _aNovedades científicas y sus aplicaciones a la farmacia, la medicina, la industria y la agricultura
_b: segunda época de los Anales de química, física e historia natural.
260 _aMadrid :
_bImp. Manuel G. Hernández,
_c1880.
300 _a1 v. ;
_c24 cm.
310 _aQuincenal
362 0 _aT. I, n. 1 (abril 1880)-(1881?)
650 1 7 _aCiencias
_2embne
_910971
852 _aES-MaACL
_jHem-730
866 0 _o1880.
999 _c1557
_d1557